书目信息 |
| 题名: |
应用回归分析
|
|
| 作者: | 张小蒂 编著 | |
| 分册: | ||
| 出版信息: | 杭州 浙江大学出版社 1991.08 |
|
| 页数: | 311页 | |
| 开本: | 32开 | |
| 丛书名: | ||
| 单 册: | ||
| 中图分类: | F064 | |
| 科图分类: | ||
| 主题词: | 经济学--分支科学 | |
| 电子资源: | ||
| ISBN: | 7-308-00797-9 | |
| 000 | 00551nam0 2200193 45 | |
| 001 | 0010061608 | |
| 005 | 20001006180147.9 | |
| 010 | @a7-308-00797-9@d4.55元 | |
| 100 | @a20001006d1991 km y0chiy0120 ea | |
| 101 | 0 | @achi |
| 105 | @a z 000yy | |
| 200 | 1 | @a应用回归分析@AYing Yong Hui Gui Fen Xi@f张小蒂编著@FZhang Xiao Di Bian Zhu |
| 210 | @a杭州@c浙江大学出版社@d1991.08 | |
| 215 | @a311页@d32开 | |
| 606 | 0 | @a经济学@x分支科学 |
| 690 | @aF064@v3 | |
| 701 | 0 | @a张小蒂@4编著 |
| 801 | @aCN@bPftUser@c20001006 | |
| 905 | @b168440-444@dF064@eZH178@f5 | |
| 应用回归分析/张小蒂编著.-杭州:浙江大学出版社,1991.08 |
| 311页;32开 |
| ISBN 7-308-00797-9:4.55元 |
| ● |
| 相关链接 |
|
|
|
正题名:应用回归分析
索取号:F064/ZH178
 
预约/预借
| 序号 | 登录号 | 条形码 | 馆藏地/架位号 | 状态 | 备注 |
| 1 | 168440 | 201684409 | 社科二线422/409社科库 65排3列5层/ [索取号:F064/ZH178] | 在馆 | |
| 2 | 168441 | 201684418 | 社科库409/409社科库 65排3列5层/ [索取号:F064/ZH178] | 在馆 | |
| 3 | 168442 | 201684427 | 社科二线422/409社科库 65排3列5层/ [索取号:F064/ZH178] | 在馆 | |
| 4 | 168443 | 201684436 | 社科二线422/409社科库 65排3列5层/ [索取号:F064/ZH178] | 在馆 | |
| 5 | 168444 | 201684445 | 社科二线422/409社科库 65排3列5层/ [索取号:F064/ZH178] | 在馆 |